000
00339cam a2200145ua 4500
041
_a
eng
_h
082
_a
750
_b
MUK/MA
100
_a
Mukuldev, .
245
_a
Mahatma Gandhi /
_c
Mukuldev.
_h
Textual Documents
260
_a
Mumbai :
_b
Orient-Longman Ltd ,
_c
1962.
300
_a
11 ; .
504
_a
942
_c
BK
999
_c
4918
_d
4918